| 000 | 00824cam a22002291 4500 | ||
|---|---|---|---|
| 001 | sa 64006528 | ||
| 003 | DLC | ||
| 005 | 20260227112040.0 | ||
| 008 | 890913s1963 io 000 0 ind | ||
| 010 | _asa 64006528 | ||
| 035 | _a(OCoLC)23536668 | ||
| 040 |
_aDLC _cMiU _dDLC |
||
| 041 | 0 | _aindeng | |
| 042 | _apremarc | ||
| 050 | 0 | 0 |
_aDS644 _b.2 1963.A65 |
| 100 | 1 |
_aAbdulgani, Roeslan, _d1914- |
|
| 245 | 1 | 0 |
_aPidato-pidato Roeslan Abdulgani pada sidang pleno pertama konperensi-persiapan KWAA tgl. 11 Pebruari 1963 di Djakarta. _bpada sidang pembukaan KWAA tgl. 25 April 1963 di Djakarta dan pada sidang-penutupan KWAA tgl. 30 April di Bandung. |
| 260 |
_a[Djakarta] _bDepartemen Penerangan _c[1963?] |
||
| 300 |
_a58 p. _bports. _c22 cm. |
||
| 500 | _aIndonesian and English. | ||
| 500 | _a"Penerbitan chusus, 266." | ||
| 999 |
_c59752 _d59752 |
||